000 00379nam a2200157Ia 4500
003 OSt
005 20231123064447.0
008 170524s9999 xx 000 0 und d
020 _a81-8204-006-X
040 _cIIMT UNIVERSITY
100 _aRaj Kumar Singh
245 0 _aOrganization of housekeeping management
260 _bAmon publication
260 _c2005
942 _2ddc
_c02
999 _c7401
_d7401